Powiaty Nowego Tuhalfu (z Mapą) - Statystyki

Ogólne statystyki
  • Ten quiz został rozwiązany 76 razy
  • Średni wynik to 19 z 33
Odpowiedzi na mapie
Odpowiedzi zakodowano w zielono-czerwonej skali na mapie do tego quizu, zgodnie z poniższymi procentami.
 
Statystyki odpowiedzi
Odpowiedź % Poprawnych
Terski
93%
Viranski
93%
Bistriški
79%
Dravograjski
71%
Gorislavski
71%
Kobranski
71%
Lorenski
71%
Portoški
71%
Barčevski
64%
Novižužemberski
64%
Novodestrniški
64%
Ormoški
64%
Riješki
64%
Strasberški
64%
Lokevski
57%
Reški
57%
Ričejski
57%
Taržeški
57%
Vjenski
57%
Dragiški
50%
Drašiški
50%
Koseški
50%
Novokadaviški
50%
Triglavski
50%
Vrhograjski
50%
Radgonski
43%
Velenorijski
43%
Videmški
43%
Zadobrovski
43%
Brezniški
36%
Idrijski
36%
Krasoveljski
36%
Strigovski
36%
Nie znaleziono quizów pasujących do podanych kryteriów
Rozkład punktacji
Procent ludzi z każdym wynikiem
Percentyl według liczby udzielonych odpowiedzi
Twoja historia wyników
Nie rozwiązałeś tego quizu